[Event "XII. DBMM Schach"]
[Site "Berlin"]
[Date "2012.10.11"]
[Round "2.2"]
[White "Beltz, Franziska"]
[Black "Bischoff, Ulrich"]
[Result "0-1"]
[WhiteElo "2125"]
[BlackElo "2107"]
[Annotator "rg"]
[PlyCount "60"]
[EventDate "2012.??.??"]
[WhiteTeam "Emco GmbH Leipzig 1"]
[BlackTeam "Sparkassenvers. Stuttgart 1"]

1. e4 c5 2. Nf3 Nc6 3. d4 cxd4 4. Nxd4 e6 5. Nc3 Qc7 6. Be3 a6 7. Qd2 Nf6 8.
O-O-O Bb4 9. f3 b5 10. Nb3 O-O 11. a3 Be7 12. g4 d6 13. g5 Nd7 14. h4 Bb7 15.
h5 Rac8 16. g6 b4 17. axb4 Nxb4 18. h6 fxg6 19. Qd4 Na2+ 20. Kb1 Bf6 21. Qxd6
Nxc3+ 22. bxc3 Qxc3 23. Qxe6+ Rf7 24. Rd4 Qxc2+ 25. Ka1 Nf8 26. Qb6 Rc6 27. Qb4
Rc3 28. hxg7 Bxg7 29. Na5 Rxe3 30. Nxb7 Bxd4+ 0-1

[Event "XII. DBMM Schach"]
[Site "Berlin"]
[Date "2012.10.11"]
[Round "2.3"]
[White "Lau, Peter"]
[Black "Beltz, Robert"]
[Result "1/2-1/2"]
[WhiteElo "1785"]
[BlackElo "2105"]
[Annotator "rg"]
[PlyCount "93"]
[EventDate "2012.??.??"]
[WhiteTeam "Sparkassenvers. Stuttgart 1"]
[BlackTeam "Emco GmbH Leipzig 1"]

1. e4 c5 2. Nc3 Nc6 3. g3 g6 4. Bg2 Bg7 5. d3 e6 6. f4 Nge7 7. Nf3 d6 8. O-O
O-O 9. Rb1 Qd7 10. Bd2 Rb8 11. a3 b5 12. Ne2 a5 13. g4 f5 14. gxf5 gxf5 15. Ng3
b4 16. axb4 axb4 17. Kh1 Qe8 18. Rg1 Kh8 19. c3 Bd7 20. Qe2 e5 21. exf5 Nxf5
22. Rbe1 Nxg3+ 23. hxg3 Qh5+ 24. Nh2 Qxe2 25. Rxe2 bxc3 26. Bxc3 Nd4 27. Rf2
Bc6 28. Bxc6 Nxc6 29. Ng4 Rb7 30. Rgf1 exf4 31. gxf4 Rf5 32. Kg2 Nd4 33. Ne3
Rh5 34. Rh1 Rxh1 35. Kxh1 Rf7 36. Kg2 Nf5 37. Nxf5 Rxf5 38. Kf3 Bxc3 39. bxc3
Kg7 40. Ra2 Kf6 41. c4 Rh5 42. Ke4 Ke6 43. Ra8 Rh4 44. Re8+ Kf7 45. Rd8 Ke7 46.
Rg8 Kf7 47. Rd8 1/2-1/2

[Event "XII. DBMM Schach"]
[Site "Berlin"]
[Date "2012.10.11"]
[Round "2.4"]
[White "Beltz, Martina"]
[Black "Pachl, Manfred"]
[Result "1-0"]
[WhiteElo "2097"]
[BlackElo "1766"]
[Annotator "rg"]
[PlyCount "56"]
[EventDate "2012.??.??"]
[WhiteTeam "Emco GmbH Leipzig 1"]
[BlackTeam "Sparkassenvers. Stuttgart 1"]

1. d4 e6 2. Nf3 d5 3. e3 c5 4. Nbd2 Nf6 5. b3 Nc6 6. Bb2 Be7 7. a3 O-O 8. Bd3
h6 9. O-O b6 10. Qe2 Nd7 11. Rad1 Bf6 12. h3 a6 13. c4 dxc4 14. Nxc4 b5 15.
Nce5 Bxe5 16. dxe5 Qc7 17. Bb1 Ncxe5 18. Nh4 Bb7 19. f4 Nc6 20. Qd3 f5 21. Qxd7
Qxd7 22. Rxd7 Rf7 23. Rfd1 Bc8 24. R7d6 Na5 25. Ng6 Nxb3 26. Rd8+ Kh7 27. Nf8+
Kg8 28. Nxe6+ Kh7 1-0

[Event "XII. DBMM Schach"]
[Site "Berlin"]
[Date "2012.10.11"]
[Round "2.1"]
[White "Schulz, Michael"]
[Black "Ritz, Olaf"]
[Result "1-0"]
[WhiteElo "2239"]
[BlackElo "2044"]
[Annotator "rg"]
[PlyCount "119"]
[EventDate "2012.??.??"]
[WhiteTeam "SV OSRAM Berlin 1"]
[BlackTeam "BA Berlin-Tempelhof 2"]

1. d4 d5 2. Bg5 g6 3. e3 Bg7 4. Nf3 c5 5. c3 Nf6 6. Nbd2 b6 7. Ne5 O-O 8. Be2
Nfd7 9. f4 Nxe5 10. fxe5 f6 11. exf6 exf6 12. Bf4 f5 13. Qb3 Be6 14. Nf3 c4 15.
Qc2 Nc6 16. O-O Re8 17. Ng5 Bc8 18. h4 h6 19. Nf3 Be6 20. g3 b5 21. Rf2 Qd7 22.
Raf1 Nd8 23. Ne5 Bxe5 24. Bxe5 Nf7 25. Bf6 Nd6 26. Bf3 Rf8 27. Be5 Nf7 28. Bf6
Nd6 29. Be5 Nf7 30. Rd1 Rae8 31. Qd2 Qe7 32. Bf4 Rd8 33. Rh2 Rd7 34. Qg2 h5 35.
Qc2 Nd8 36. Rg2 Bf7 37. Bh6 Re8 38. Bg5 Qd6 39. Bf4 Qa6 40. a3 Rde7 41. Rf1 Qc8
42. Bg5 Rb7 43. Rgf2 Be6 44. g4 hxg4 45. Bxg4 Nf7 46. Bf6 Nd6 47. Bf3 Rh7 48.
Rg2 Kf7 49. Bg5 Rg8 50. e4 Qc6 51. exf5 Nxf5 52. Bg4 Qd7 53. Qe2 Rf8 54. h5 Rg7
55. hxg6+ Kxg6 56. Bxf5+ Rxf5 57. Bf6+ Kxf6 58. Qe5+ Ke7 59. Rxg7+ Rf7 60.
Rfxf7+ 1-0

[Event "XII. DBMM Schach"]
[Site "Berlin"]
[Date "2012.10.11"]
[Round "2.2"]
[White "Sarre, Sascha"]
[Black "Kribben, Matthias"]
[Result "1/2-1/2"]
[WhiteElo "1839"]
[BlackElo "2048"]
[Annotator "rg"]
[PlyCount "33"]
[EventDate "2012.??.??"]
[WhiteTeam "BA Berlin-Tempelhof 2"]
[BlackTeam "SV OSRAM Berlin 1"]

1. g3 d5 2. Bg2 Nf6 3. c4 c6 4. Nf3 e6 5. O-O Be7 6. d4 Nbd7 7. b3 Ne4 8. Bb2
O-O 9. Nbd2 f5 10. Nxe4 fxe4 11. Ne5 Bf6 12. Bh3 Nxe5 13. dxe5 Bg5 14. Ba3 Be7
15. Bb2 Bg5 16. Ba3 Be7 17. Bb2 1/2-1/2

[Event "XII. DBMM Schach"]
[Site "Berlin"]
[Date "2012.10.11"]
[Round "2.3"]
[White "Hintze, Peter"]
[Black "Thomas, Andreas"]
[Result "1-0"]
[WhiteElo "2076"]
[BlackElo "1789"]
[Annotator "rg"]
[PlyCount "131"]
[EventDate "2012.??.??"]
[WhiteTeam "SV OSRAM Berlin 1"]
[BlackTeam "BA Berlin-Tempelhof 2"]

1. e4 c5 2. Nf3 e6 3. d4 cxd4 4. Nxd4 a6 5. Be2 Nf6 6. Bf3 Qc7 7. O-O d6 8. Be3
Nbd7 9. Nd2 Be7 10. c4 Ne5 11. Be2 O-O 12. Rc1 b6 13. f3 Bb7 14. Qe1 Rac8 15.
Qg3 Ng6 16. Qf2 Nd7 17. b4 Qd8 18. a3 Re8 19. f4 Bf6 20. Bh5 Qe7 21. Bf3 Ba8
22. g3 Rc7 23. h4 Rec8 24. Rce1 Nxh4 25. gxh4 Bxh4 26. Qg2 Bxe1 27. Rxe1 g6 28.
Bf2 e5 29. Nf5 Qf8 30. Be3 Kh8 31. Nh4 Qh6 32. Qg3 Qg7 33. f5 b5 34. fxg6 fxg6
35. cxb5 axb5 36. Be2 Nf6 37. Bxb5 Nxe4 38. Nxe4 Bxe4 39. Qg4 Bc6 40. Bxc6 Rxc6
41. b5 Rc4 42. Qe6 Qb7 43. Bg5 Qb6+ 44. Kh1 Qb7+ 45. Ng2 h6 46. Be7 Rf4 47.
Bf6+ Kh7 48. Qxd6 Rc2 49. Qe7+ Qxe7 50. Bxe7 Rff2 51. Ne3 Rb2 52. Bb4 g5 53. b6
Rf7 54. Rc1 Kg6 55. Nc4 Re2 56. Bc5 Rf3 57. Ne3 Rh3+ 58. Kg1 Reh2 59. Re1 Rb2
60. Nf1 Rh4 61. Re3 Rb1 62. Rf3 Rg4+ 63. Kf2 Rb2+ 64. Ke1 Rgg2 65. Rf2 Rg4 66.
Rxb2 1-0

[Event "XII. DBMM Schach"]
[Site "Berlin"]
[Date "2012.10.11"]
[Round "2.4"]
[White "Fischer, Anke"]
[Black "Rath, Oliver"]
[Result "1/2-1/2"]
[WhiteElo "1710"]
[BlackElo "1939"]
[Annotator "rg"]
[PlyCount "102"]
[EventDate "2012.??.??"]
[WhiteTeam "BA Berlin-Tempelhof 2"]
[BlackTeam "SV OSRAM Berlin 1"]

1. e4 c5 2. c3 d5 3. exd5 Qxd5 4. d4 Nc6 5. Nf3 Bg4 6. Be2 e6 7. Be3 cxd4 8.
cxd4 Nf6 9. Nc3 Qa5 10. O-O Be7 11. Qb3 Qc7 12. h3 Bf5 13. d5 exd5 14. Nxd5
Nxd5 15. Qxd5 Be6 16. Qb5 O-O 17. a3 a6 18. Qd3 Ne5 19. Nxe5 Qxe5 20. Bd4 Qg5
21. Be3 Qh4 22. Qd4 b5 23. Bf3 Qxd4 24. Bxd4 Rad8 25. Bc3 Bc5 26. Rfd1 Bb3 27.
Rxd8 Rxd8 28. Rc1 Bb6 29. Re1 Be6 30. Rc1 f6 31. Kf1 Kf7 32. Ke1 Bf5 33. Rd1
Re8+ 34. Kf1 Rd8 35. Rxd8 Bxd8 36. Ke2 Be6 37. Be4 f5 38. Bd3 g6 39. f3 h5 40.
Bd4 Bc7 41. Ke3 g5 42. Kd2 g4 43. hxg4 fxg4 44. fxg4 hxg4 45. Be4 a5 46. Ke3
Bd6 47. Bc6 b4 48. axb4 axb4 49. Ke4 Kg6 50. Be5 Be7 51. g3 Bg5 1/2-1/2

[Event "XII. DBMM Schach"]
[Site "Berlin"]
[Date "2012.10.11"]
[Round "2.1"]
[White "Hilbig, Olaf"]
[Black "Segerberg, Tomas"]
[Result "1/2-1/2"]
[WhiteElo "2167"]
[BlackElo "2038"]
[Annotator "rg"]
[PlyCount "48"]
[EventDate "2012.??.??"]
[WhiteTeam "Commerzbank Frankfurt AGI 1"]
[BlackTeam "Europ. Patentamt MUC 1"]

1. Nc3 Nf6 2. d4 e6 3. e4 d5 4. Bg5 dxe4 5. Nxe4 Be7 6. Bxf6 Bxf6 7. Nf3 O-O 8.
Bd3 Nd7 9. O-O b6 10. Re1 Bb7 11. Qe2 Qe7 12. Rad1 Rfd8 13. c3 c5 14. Bb1 g6
15. Qe3 Rac8 16. Qf4 Bxe4 17. Bxe4 cxd4 18. cxd4 Kg7 19. h4 Qb4 20. b3 Qa5 21.
Bb1 e5 22. dxe5 Nxe5 23. Nxe5 Rxd1 24. Rxd1 Qxe5 1/2-1/2

[Event "XII. DBMM Schach"]
[Site "Berlin"]
[Date "2012.10.11"]
[Round "2.2"]
[White "Domingo, Miguel"]
[Black "Fischer, Alexander"]
[Result "0-1"]
[WhiteElo "2184"]
[BlackElo "1958"]
[Annotator "rg"]
[PlyCount "68"]
[EventDate "2012.??.??"]
[WhiteTeam "Europ. Patentamt MUC 1"]
[BlackTeam "Commerzbank Frankfurt AGI 1"]

1. c4 c6 2. g3 d5 3. Nf3 Nf6 4. Bg2 dxc4 5. O-O e6 6. Qc2 b5 7. a4 Bb7 8. b3
cxb3 9. Qxb3 b4 10. Ne5 Qc7 11. d4 c5 12. Bxb7 Qxb7 13. a5 cxd4 14. Rd1 Bc5 15.
Bb2 Nbd7 16. Qa4 O-O 17. Nxd7 Nxd7 18. Bxd4 Rfd8 19. Rd3 Rab8 20. Qd1 Qc7 21.
Ra2 Ne5 22. Bxe5 Rxd3 23. Qxd3 Qxe5 24. Nd2 Qd4 25. Qxd4 Bxd4 26. Rc2 Kf8 27.
e3 Bf6 28. Rc7 b3 29. Rxa7 b2 30. Nb1 Rc8 31. Kg2 Rc1 32. Nd2 Rd1 33. a6 Rxd2
34. Rb7 Rd6 0-1

[Event "XII. DBMM Schach"]
[Site "Berlin"]
[Date "2012.10.11"]
[Round "2.3"]
[White "Brauer, Frank"]
[Black "Heer, Stephan"]
[Result "0-1"]
[WhiteElo "1881"]
[BlackElo "2054"]
[Annotator "rg"]
[PlyCount "82"]
[EventDate "2012.??.??"]
[WhiteTeam "Commerzbank Frankfurt AGI 1"]
[BlackTeam "Europ. Patentamt MUC 1"]

1. e4 c6 2. d4 g6 3. f4 d5 4. e5 h5 5. Nf3 Bg4 6. h3 Bxf3 7. Qxf3 e6 8. Be3 h4
9. Nd2 Nh6 10. Bd3 Nd7 11. O-O-O Nf5 12. Nf1 Be7 13. g3 hxg3 14. Nxg3 Qa5 15.
Nxf5 gxf5 16. Kb1 Nf8 17. Rdg1 Ng6 18. Bf2 O-O-O 19. Rg2 Qb6 20. Ka1 Rh6 21.
Rgh2 Bh4 22. Be3 Rdh8 23. c4 Ne7 24. Rg2 Qd8 25. Bf1 Ng6 26. Bd3 Be7 27. Rgh2
Nh4 28. Qf2 Rg6 29. Bf1 Rhg8 30. c5 Rg3 31. Qe2 R3g7 32. Bf2 Ng6 33. Qf3 Qa5
34. h4 Qd2 35. Bh3 Qxf4 36. Qxf4 Nxf4 37. Be3 Nh5 38. Bf2 f6 39. exf6 Bxf6 40.
Re1 Kd7 41. Rhh1 Ng3 0-1

[Event "XII. DBMM Schach"]
[Site "Berlin"]
[Date "2012.10.11"]
[Round "2.2"]
[White "Bumes, Konrad"]
[Black "Zahn, Juergen"]
[Result "1/2-1/2"]
[WhiteElo "1911"]
[BlackElo "1892"]
[Annotator "rg"]
[PlyCount "89"]
[EventDate "2012.??.??"]
[WhiteTeam "Europ. Patentamt MUC 2"]
[BlackTeam "Deutsche Bahn/BSW Berlin 1"]

1. d4 Nf6 2. g3 g6 3. Bg2 Bg7 4. e4 d6 5. Ne2 c5 6. c3 cxd4 7. cxd4 O-O 8. Nbc3
Nc6 9. O-O Bd7 10. Be3 Rc8 11. Rc1 a6 12. Nf4 Ng4 13. Nfd5 Nxe3 14. fxe3 e6 15.
Nf4 e5 16. dxe5 dxe5 17. Nfd5 Be6 18. Qe2 Qg5 19. Nb6 Rcd8 20. Ncd5 h5 21. b4
Bh6 22. Rc3 h4 23. gxh4 Qxh4 24. Nf6+ Kg7 25. Nbd5 Bg5 26. a3 Rh8 27. Bh1 Rh6
28. Qf2 Qh3 29. Qg2 Rdh8 30. Qxh3 Rxh3 31. Rf2 Ne7 32. Nxe7 Bxe3 33. Rxe3 Rxe3
34. Ned5 Rxa3 35. Rb2 Rc8 36. Bg2 Bxd5 37. Nxd5 Ra1+ 38. Kf2 Rac1 39. Ne3 b6
40. Bf1 a5 41. bxa5 bxa5 42. Ra2 Ra8 43. Nc4 Kf6 44. Rxa5 Rxa5 45. Nxa5 1/2-1/2

[Event "XII. DBMM Schach"]
[Site "Berlin"]
[Date "2012.10.11"]
[Round "2.3"]
[White "Rollwitz, Juergen"]
[Black "Oberpriller, Josef"]
[Result "1/2-1/2"]
[WhiteElo "1841"]
[BlackElo "1932"]
[Annotator "rg"]
[PlyCount "52"]
[EventDate "2012.??.??"]
[WhiteTeam "Deutsche Bahn/BSW Berlin 1"]
[BlackTeam "Europ. Patentamt MUC 2"]

1. e4 Nf6 2. Nc3 d5 3. e5 d4 4. exf6 dxc3 5. fxg7 cxd2+ 6. Qxd2 Qxd2+ 7. Bxd2
Bxg7 8. c3 Be6 9. Ne2 Bd5 10. Nf4 Bc6 11. Nh5 Be5 12. Bf4 Nd7 13. f3 Rg8 14.
Kf2 Bd6 15. Bxd6 cxd6 16. Be2 Nc5 17. Nf4 e5 18. Nd3 Ne6 19. Nb4 Nf4 20. Rhg1
Nxe2 21. Kxe2 Ke7 22. Kf2 Ke6 23. Rae1 f6 24. c4 a5 25. Nc2 Kf7 26. Ne3 Ke6
1/2-1/2

[Event "XII. DBMM Schach"]
[Site "Berlin"]
[Date "2012.10.11"]
[Round "2.4"]
[White "Santos, Paulo"]
[Black "Pitt, Wolfgang"]
[Result "1/2-1/2"]
[WhiteElo "1866"]
[BlackElo "1877"]
[Annotator "rg"]
[PlyCount "40"]
[EventDate "2012.??.??"]
[WhiteTeam "Europ. Patentamt MUC 2"]
[BlackTeam "Deutsche Bahn/BSW Berlin 1"]

1. e4 g6 2. Nc3 Bg7 3. g3 c5 4. Bg2 Nc6 5. d3 d6 6. f4 Nf6 7. Nge2 O-O 8. O-O
a6 9. Be3 Ng4 10. Bd2 Nd4 11. h3 Nxe2+ 12. Qxe2 Nf6 13. g4 Nd7 14. Be3 Rb8 15.
Rab1 b5 16. a3 a5 17. Qd2 b4 18. axb4 axb4 19. Ne2 e6 20. d4 Ba6 1/2-1/2

[Event "XII. DBMM Schach"]
[Site "Berlin"]
[Date "2012.10.11"]
[Round "2.1"]
[White "Bruedigam, Martin"]
[Black "Gebert-Vangeel, Ralf"]
[Result "0-1"]
[WhiteElo "2419"]
[BlackElo "1971"]
[Annotator "rg"]
[PlyCount "82"]
[EventDate "2012.??.??"]
[WhiteTeam "SG Bund Berlin 1"]
[BlackTeam "SV OSRAM Berlin 2"]

1. e4 e5 2. Nf3 Nc6 3. Bc4 Nf6 4. d3 Be7 5. c3 d6 6. Nbd2 Be6 7. Bxe6 fxe6 8.
Qb3 Qc8 9. O-O O-O 10. Ng5 Nd8 11. d4 exd4 12. cxd4 h6 13. Nh3 Nc6 14. Qd3 e5
15. Nb3 Qg4 16. f3 Qg6 17. d5 Nd8 18. Be3 Kh8 19. Rac1 c6 20. dxc6 bxc6 21. Na5
Qe8 22. b4 d5 23. Bc5 Bxc5+ 24. Rxc5 Nd7 25. Rc2 Nb6 26. f4 exf4 27. Nxf4 Ne6
28. Rcf2 Nxf4 29. Rxf4 Rxf4 30. Rxf4 Qe5 31. Rf5 dxe4 32. Qf1 (32. Qd8+) 32...
Qe6 33. Rc5 e3 34. Rxc6 Qxa2 35. Rc3 e2 36. Qe1 Rd8 37. Rc1 Rf8 38. Qc3 Nd5 39.
Qc5 Re8 40. Re1 Qd2 41. Qf2 Nf4 0-1

[Event "XII. DBMM Schach"]
[Site "Berlin"]
[Date "2012.10.11"]
[Round "2.2"]
[White "Eisermann, Daniel"]
[Black "Schnabel, Ralf"]
[Result "0-1"]
[WhiteElo "1924"]
[BlackElo "2226"]
[Annotator "rg"]
[PlyCount "80"]
[EventDate "2012.??.??"]
[WhiteTeam "SV OSRAM Berlin 2"]
[BlackTeam "SG Bund Berlin 1"]

1. e4 Nf6 2. e5 Nd5 3. d4 Nb6 4. Nf3 d5 5. a4 Bg4 6. h3 Bxf3 7. Qxf3 e6 8. a5
N6d7 9. Be2 c5 10. c3 Nc6 11. Bb5 cxd4 12. Bxc6 bxc6 13. cxd4 c5 14. Be3 Rb8
15. Qe2 Rb4 16. Qd2 Qb8 17. Ra2 Qb5 18. Na3 Qxa5 19. O-O Qb6 20. Rd1 Be7 21.
Qc3 O-O 22. Rd2 h6 23. Kh2 Rb8 24. Qd3 a5 25. g3 cxd4 26. Bxd4 Bc5 27. Nc2 Rc4
28. Bc3 a4 29. Ra1 Qb3 30. Ne3 Bxe3 31. Qxe3 Nc5 32. f3 Qb5 33. Ra3 Nb3 34. Rd1
d4 35. Rxb3 Qxb3 36. Rxd4 a3 37. Rxc4 Qxc4 38. Qa7 Qe2+ 39. Kg1 Rxb2 40. Qa8+
Kh7 0-1

[Event "XII. DBMM Schach"]
[Site "Berlin"]
[Date "2012.10.11"]
[Round "2.3"]
[White "Tyrtania, Maximilian"]
[Black "Mayer, Herbert"]
[Result "1-0"]
[WhiteElo "2251"]
[BlackElo "1839"]
[Annotator "rg"]
[PlyCount "41"]
[EventDate "2012.??.??"]
[WhiteTeam "SG Bund Berlin 1"]
[BlackTeam "SV OSRAM Berlin 2"]

1. d4 d5 2. c4 dxc4 3. e3 Nf6 4. Bxc4 g6 5. Nc3 Bg7 6. Nf3 O-O 7. h3 Nfd7 8.
Bb3 c5 9. d5 Nb6 10. e4 N8d7 11. Be3 a6 12. O-O Qc7 13. Rc1 Ne5 14. Nxe5 Bxe5
15. f4 Bg7 16. Qf3 c4 17. Qf2 Nd7 18. d6 exd6 19. Nd5 Qd8 20. Rxc4 Nf6 21. Bb6
1-0

[Event "XII. DBMM Schach"]
[Site "Berlin"]
[Date "2012.10.11"]
[Round "2.4"]
[White "Mueller, Gerd"]
[Black "Haseloff, Harald"]
[Result "1/2-1/2"]
[WhiteElo "1854"]
[BlackElo "2145"]
[Annotator "rg"]
[PlyCount "95"]
[EventDate "2012.??.??"]
[WhiteTeam "SV OSRAM Berlin 2"]
[BlackTeam "SG Bund Berlin 1"]

1. e4 e5 2. Nf3 Nc6 3. Nc3 Nf6 4. Bb5 d6 5. Bxc6+ bxc6 6. d4 exd4 7. Nxd4 Bb7
8. Bg5 Be7 9. Nf5 O-O 10. Nxe7+ Qxe7 11. Qf3 d5 12. Bxf6 Qxf6 13. Qxf6 gxf6 14.
O-O-O Rad8 15. Rhe1 Rfe8 16. Na4 Kf8 17. Nc5 Bc8 18. f3 Rd6 19. Rd4 dxe4 20.
Rdxe4 Rxe4 21. Nxe4 Re6 22. Rd1 Ke7 23. g4 Re5 24. Ng3 Rd5 25. Re1+ Re5 26. Re2
Rxe2 27. Nxe2 f5 28. g5 f6 29. h4 fxg5 30. hxg5 Kd6 31. f4 Kd5 32. Ng3 c5 {=}
33. Kd2 Be6 34. Ke3 Kd6 35. a3 a5 36. Kd3 c4+ 37. Kd2 Kd5 38. c3 c5 39. Ke3 Kd6
40. Kf2 Ke7 {=} 41. Kg2 Kf7 42. Kh3 Kg6 43. Kh4 h6 44. gxh6 Kxh6 45. Nf1 Kg6
46. Ne3 Kh6 47. Nc2 Kg6 48. Ne3 1/2-1/2

[Event "XII. DBMM Schach"]
[Site "Berlin"]
[Date "2012.10.11"]
[Round "2.1"]
[White "Weidl, Robert"]
[Black "Lipp, Hubert"]
[Result "1/2-1/2"]
[WhiteElo "1754"]
[BlackElo "2064"]
[Annotator "rg"]
[PlyCount "93"]
[EventDate "2012.??.??"]
[WhiteTeam "ADAC München 2"]
[BlackTeam "R+V Vers. Wiesbaden 2"]

1. e4 e5 2. Nf3 Nf6 3. Bc4 Nxe4 4. Nc3 Nf6 5. O-O d5 6. Bb3 e4 7. Re1 Be7 8.
Ne5 O-O 9. h3 c6 10. d3 Bd6 11. f4 exf3 12. Nxf3 h6 13. Be3 Bg3 14. Rf1 Re8 15.
Qd2 Qe7 16. Nd1 Nbd7 17. Bf4 Bxf4 18. Qxf4 Ne5 19. Nd4 Ng6 20. Qf2 Bd7 21. c3
c5 22. Nc2 b6 23. Nde3 Qd6 24. Nxd5 Nxd5 25. Qxf7+ Kh7 26. Qxd5 Qxd5 27. Bxd5
Rad8 28. Be4 Bb5 29. c4 Bd7 30. Rf7 Re6 31. Raf1 a5 32. Ne3 Be8 33. Rb7 Kh8 34.
Nf5 Bd7 35. Ne3 Ne5 36. Nd5 Bc6 37. Nf4 Red6 38. Bxc6 Rxc6 39. Nd5 Nxd3 40.
Rff7 Rg6 41. Nxb6 Nxb2 42. Nd5 Nxc4 43. Nf4 Rf6 44. Rxf6 gxf6 45. Ng6+ Kg8 46.
Ne7+ Kf8 47. Ng6+ 1/2-1/2

[Event "XII. DBMM Schach"]
[Site "Berlin"]
[Date "2012.10.11"]
[Round "2.2"]
[White "Leidorf, Sebastian"]
[Black "Obermeier, Karlheinz"]
[Result "1-0"]
[WhiteElo "2051"]
[BlackElo "1575"]
[Annotator "rg"]
[PlyCount "83"]
[EventDate "2012.??.??"]
[WhiteTeam "R+V Vers. Wiesbaden 2"]
[BlackTeam "ADAC München 2"]

1. c4 e5 2. g3 Nf6 3. Bg2 d6 4. Nc3 Nc6 5. e4 Be7 6. Nge2 O-O 7. O-O Bg4 8. f3
Be6 9. d3 Nd7 10. g4 Nc5 11. h3 Nb4 12. d4 exd4 13. Nd5 Bxd5 14. cxd5 Nbd3 15.
Rb1 Bf6 16. b4 Nxc1 17. Rxc1 Nd7 18. Nxd4 a6 19. f4 g6 20. g5 Bg7 21. h4 Rc8
22. Bh3 Bxd4+ 23. Qxd4 Qe7 24. Rfe1 c6 25. dxc6 Rxc6 26. Rxc6 bxc6 27. Qa7 Rd8
28. Qxa6 d5 29. Qxc6 Qxb4 30. Re2 Qd4+ 31. Rf2 Qxe4 32. Qc7 Qe1+ 33. Bf1 Re8
34. Qxd7 Qe3 35. Qh3 Qd4 36. Qd7 Qe3 37. Qg4 Qd4 38. h5 Rb8 39. h6 Qc5 40. Qe2
d4 41. Qe5 Qb6 42. Qg7# 1-0

[Event "XII. DBMM Schach"]
[Site "Berlin"]
[Date "2012.10.11"]
[Round "2.3"]
[White "Lajh, Anton"]
[Black "Launert, Martin"]
[Result "0-1"]
[WhiteElo "1507"]
[BlackElo "1884"]
[Annotator "rg"]
[PlyCount "92"]
[EventDate "2012.??.??"]
[WhiteTeam "ADAC München 2"]
[BlackTeam "R+V Vers. Wiesbaden 2"]

1. e4 e5 2. Nf3 Nc6 3. Bc4 Bc5 4. a3 Nf6 5. Nc3 O-O 6. h3 d6 7. d3 h6 8. Nd5
Bb6 9. Nxb6 axb6 10. O-O Be6 11. Bb5 Na7 12. Ba4 b5 13. Bb3 Bxb3 14. cxb3 c5
15. Be3 Nc6 16. Nh2 b6 17. f4 Qe7 18. Ng4 Nxg4 19. Qxg4 Qe6 20. f5 Qf6 21. Bf2
Qg5 22. Qxg5 hxg5 23. Be3 f6 24. Kf2 b4 25. Rh1 Kf7 26. h4 gxh4 27. Rxh4 bxa3
28. bxa3 Nb4 29. Ke2 Nc2 30. Rc1 Nxe3 31. Kxe3 Rxa3 32. Rb1 b5 33. Kf2 Ra2+ 34.
Kf1 Rd2 35. Rh3 Ra8 36. Rf3 Raa2 37. g3 Rab2 38. Rxb2 Rxb2 39. d4 exd4 40. Ke1
Rc2 41. Kd1 Rc3 42. Ke2 Rxf3 43. Kxf3 c4 44. bxc4 bxc4 45. Ke2 Ke7 46. g4 d5
0-1

[Event "XII. DBMM Schach"]
[Site "Berlin"]
[Date "2012.10.11"]
[Round "2.4"]
[White "Finkhaeuser, Jens"]
[Black "Zunk, Olaf"]
[Result "1-0"]
[WhiteElo "1706"]
[BlackElo "1464"]
[Annotator "rg"]
[PlyCount "65"]
[EventDate "2012.??.??"]
[WhiteTeam "R+V Vers. Wiesbaden 2"]
[BlackTeam "ADAC München 2"]

1. e4 e5 2. Nf3 Nc6 3. Bc4 Be7 4. d4 d6 5. O-O Nf6 6. Nc3 Bg4 7. d5 Nd4 8. Be2
O-O 9. Nxd4 exd4 10. Qxd4 Bxe2 11. Nxe2 Nd7 12. Qb4 b6 13. Be3 a5 14. Qc3 Bf6
15. Bd4 Ne5 16. Ng3 g6 17. f4 Nd7 18. Bxf6 Nxf6 19. f5 Rc8 20. Rf2 Nd7 21. f6
Ne5 22. h3 c5 23. Qe3 Nd7 24. Raf1 Nxf6 25. Rxf6 Kg7 26. Qf4 Rc7 27. Rxd6 Rd7
28. Rxd7 Qxd7 29. Qf6+ Kg8 30. Qxb6 Qa4 31. Qxc5 Qxa2 32. b3 Qb2 33. d6 1-0

[Event "XII. DBMM Schach"]
[Site "Berlin"]
[Date "2012.10.11"]
[Round "2.1"]
[White "Graudons, Karsten"]
[Black "Lehmann, Michael"]
[Result "1/2-1/2"]
[WhiteElo "2043"]
[BlackElo "1663"]
[Annotator "rg"]
[PlyCount "80"]
[EventDate "2012.??.??"]
[WhiteTeam "SG Bund Berlin 2"]
[BlackTeam "BA Berlin-Tempelhof 3"]

1. Nf3 Nf6 2. c4 d5 3. cxd5 Nxd5 4. g3 Nc6 5. d4 e6 6. a3 Be7 7. Bg2 O-O 8. O-O
f5 9. Nc3 Nf6 10. e3 Bd7 11. b4 a6 12. Bb2 Rc8 13. d5 exd5 14. Nxd5 Be6 15.
Nxe7+ Qxe7 16. Qc2 Rcd8 17. Rad1 Rxd1 18. Rxd1 Rd8 19. Rxd8+ Qxd8 20. Ng5 Qe8
21. Bxc6 bxc6 22. Bxf6 gxf6 23. Nxe6 Qxe6 24. Qd3 Qd5 25. Qxa6 Qd1+ 26. Qf1 Qb3
27. Qc1 Qd5 28. Qc2 Kf8 29. a4 Ke8 30. Kf1 Kd8 31. Ke2 Kc8 32. f3 Kb7 33. h3
Kb6 34. g4 fxg4 35. hxg4 h6 36. Kf2 Qd6 37. Qc3 Qh2+ 38. Kf1 Qh1+ 39. Kf2 Qh2+
40. Kf1 Qh1+ 1/2-1/2

[Event "XII. DBMM Schach"]
[Site "Berlin"]
[Date "2012.10.11"]
[Round "2.2"]
[White "Koerting, Klaus"]
[Black "Trebbin, Wolfhard"]
[Result "1/2-1/2"]
[WhiteElo "1643"]
[BlackElo "1960"]
[Annotator "rg"]
[PlyCount "72"]
[EventDate "2012.??.??"]
[WhiteTeam "BA Berlin-Tempelhof 3"]
[BlackTeam "SG Bund Berlin 2"]

1. d4 Nf6 2. c4 e6 3. a3 d5 4. e3 Be7 5. Nc3 c6 6. Nf3 O-O 7. Bd3 Nbd7 8. O-O
c5 9. Ne5 a6 10. f4 cxd4 11. exd4 dxc4 12. Bxc4 Nb6 13. Ba2 Nbd5 14. Nxd5 Nxd5
15. Qf3 Qb6 16. Rd1 Bf6 17. Bxd5 exd5 18. Qxd5 {=} Be6 19. Qf3 Rad8 20. Be3 Bd5
21. Qf2 Rfe8 22. Rd2 Rd6 23. Rc1 Qd8 24. Nc4 Rc6 25. Rdc2 Bxc4 26. Rxc4 Rxc4
27. Rxc4 Qe7 28. h3 h6 29. Rc3 Qd7 30. Kh1 Qf5 31. Kh2 Qe4 32. Kh1 Rd8 33. Rc4
b5 34. Rc2 Re8 35. Rc3 Rd8 36. Rc2 Re8 1/2-1/2

[Event "XII. DBMM Schach"]
[Site "Berlin"]
[Date "2012.10.11"]
[Round "2.3"]
[White "Hoffbauer, Joerg"]
[Black "Wolf, Wilfried"]
[Result "1-0"]
[WhiteElo "1744"]
[BlackElo "1563"]
[Annotator "rg"]
[PlyCount "43"]
[EventDate "2012.??.??"]
[WhiteTeam "SG Bund Berlin 2"]
[BlackTeam "BA Berlin-Tempelhof 3"]

1. e4 e5 2. f4 d6 3. Nf3 Nc6 4. Bc4 h6 5. d3 Nf6 6. Nc3 Be7 7. h3 a6 8. a3 b5
9. Ba2 Bb7 10. Be3 Nd7 11. O-O O-O 12. Nd5 Na7 13. Nxe7+ Qxe7 14. Qe1 c5 15.
Qg3 Kh8 16. Nh4 Kh7 17. Nf5 Qf6 18. fxe5 Nxe5 19. Nxh6 Qg6 20. Qh4 c4 21. Nxf7+
Kg8 22. Qh8# 1-0

[Event "XII. DBMM Schach"]
[Site "Berlin"]
[Date "2012.10.11"]
[Round "2.4"]
[White "Warnest, Stefan"]
[Black "Roth, Joachim"]
[Result "0-1"]
[WhiteElo "1470"]
[BlackElo "1823"]
[Annotator "rg"]
[PlyCount "72"]
[EventDate "2012.??.??"]
[WhiteTeam "BA Berlin-Tempelhof 3"]
[BlackTeam "SG Bund Berlin 2"]

1. e4 e6 2. d4 c5 3. Nf3 cxd4 4. Nxd4 Bc5 5. Be3 Qb6 6. b3 Nc6 7. c3 Nge7 8.
Nd2 d5 9. b4 Bxd4 10. Bxd4 Nxd4 11. cxd4 Qxd4 12. exd5 exd5 13. Rb1 O-O 14. Be2
Bf5 15. Rb3 Rac8 16. Nf3 Qf6 17. Nd4 Be4 18. O-O Nc6 19. Nxc6 Rxc6 20. Qd2 Rfc8
21. a4 Rc2 22. Qe3 b6 23. Bd3 Qg6 24. Bxe4 dxe4 25. b5 f5 26. Rb4 h6 27. Rd4
Kh7 28. Rd7 R8c3 29. Qf4 Rf3 30. Qh4 e3 31. g3 Rfxf2 32. Rxf2 exf2+ 33. Kg2 Qe6
34. Qd4 f1=Q+ 35. Kxf1 Qe2+ 36. Kg1 Qg2# 0-1

[Event "XII. DBMM Schach"]
[Site "Berlin"]
[Date "2012.10.11"]
[Round "2.2"]
[White "Sagol, Buelent Erol"]
[Black "Hoffeins, Hans-Werner"]
[Result "1-0"]
[WhiteElo "1541"]
[BlackElo "1791"]
[Annotator "rg"]
[PlyCount "49"]
[EventDate "2012.??.??"]
[WhiteTeam "Team DBMM Berlin"]
[BlackTeam "Baubehörde Hamburg 2"]

1. e4 d6 2. Bc4 Nf6 3. Nc3 e5 4. Nf3 Bg4 5. d3 c6 6. h3 Bxf3 7. Qxf3 Be7 8. g4
h6 9. h4 b5 10. Bb3 Na6 11. g5 hxg5 12. hxg5 Rxh1+ 13. Qxh1 Ng8 14. Qh8 Kd7 15.
Qxg7 f6 16. gxf6 Nxf6 17. Be3 Nc7 18. O-O-O a5 19. a3 Qf8 20. Qg6 b4 21. Na4
Rb8 22. axb4 Rxb4 23. Qf5+ Kd8 24. Nb6 Na6 25. Qc8# 1-0